Central Library OPAC University of Rajshahi

The distribution of wealth : (Record no. 4078)

MARC details
000 -LEADER
fixed length control field 00694nam a2200241 a 4500
001 - CONTROL NUMBER
control field 4078
003 - CONTROL NUMBER IDENTIFIER
rucl marc code BD-RjUL
005 - DATE AND TIME OF LATEST TRANSACTION
control field 20211208233829.0
008 - FIXED-LENGTH DATA ELEMENTS--GENERAL INFORMATION
fixed length control field 160726s1956 nyua 001 0 eng d
035 ## - SYSTEM CONTROL NUMBER
System control number (BD-RjUL)4112
System control number (BD-RjUL)
040 ## - CATALOGING SOURCE
Original cataloging agency VLU
Language of cataloging eng
Transcribing agency VLU
Modifying agency VGT
-- BD-RjUL
041 ## - LANGUAGE CODE
Language code of text/sound track or separate title eng
082 ## - DEWEY DECIMAL CLASSIFICATION NUMBER
Edition number 339
Author mark and year CLD
Classification number 23
100 1# - MAIN ENTRY--PERSONAL NAME
Personal name Clark, John Bates,
Dates associated with a name 1847-1938.
9 (RLIN) 12962
245 14 - TITLE STATEMENT
Title The distribution of wealth :
Remainder of title a theory of wages, interest and profits /
260 ## - PUBLICATION, DISTRIBUTION, ETC. (IMPRINT)
Place of publication, distribution, etc. New York :
Name of publisher, distributor, etc. A.M.Kelley,
Date of publication, distribution, etc. c1965.
300 ## - PHYSICAL DESCRIPTION
Pagination xxviii, 445 p. :
Illustrations ill. ;
Size 23 cm.
490 0# - SERIES STATEMENT
Series statement Reprints of economic classics
504 ## - BIBLIOGRAPHY, ETC. NOTE
Bibliography, etc Includes index.
650 #0 - SUBJECT ADDED ENTRY--TOPICAL TERM
Topical term or geographic name as entry element Wealth.
9 (RLIN) 12963
942 ## - ADDED ENTRY ELEMENTS (KOHA)
Source of classification or shelving scheme Dewey Decimal Classification
Koha item type Books
Holdings
Lost status Source of classification or shelving scheme Damaged status Not for loan Collection code Permanent Location Current Location Shelving location Date acquired Source of acquisition Cost, normal purchase price Total Checkouts Full call number Date last seen Copy number Koha item type
  Dewey Decimal Classification     Non-fiction Central Library, University of Rajshahi Central Library, University of Rajshahi   25/01/1963 Zeitlinger 63.00   339.2 CLD 1956 21/12/2013 C-3 Books
  Dewey Decimal Classification     Non-fiction Central Library, University of Rajshahi Central Library, University of Rajshahi   25/01/1963 Zeetlinger 63.00   339.2 CLD 1956 26/07/2016 C-4 Books
  Dewey Decimal Classification     Non-fiction Central Library, University of Rajshahi Central Library, University of Rajshahi   25/01/1963 Zeetlinger 63.00   339.2 CLD 1956 26/07/2016 C-5 Books
  Dewey Decimal Classification       Central Library, University of Rajshahi Central Library, University of Rajshahi   25/01/1963 Zeetlinger 63.00   339.2 CLD 1956 26/07/2016 C-2 Books
  Dewey Decimal Classification     Non-fiction Central Library, University of Rajshahi Central Library, University of Rajshahi   25/01/1963 Zeetlinger 63.00   339.2 CLD 1956 26/07/2016 C-6 Books